00581nam a2200217Ia 4500003000400000008004100004040001600045082001700061100002100078245008300099700001600182700001600198260003800214300001000252650003100262650001500293650002100308650001600329650001000345650000800355GCL140319s9999 xx 000 0 eng d aGCL / cGCL04a330.956bF E1 aFISCHER, STANLEY10aTHE ECONOMICS OF MIDDLE EAST PEACE: VIEWS FROM THE REGION / cFISCHER, STANLEY1 aRODRIK DANI1 aTUMA, ELIAS a[S.N] : bTHE MIT PRESS ، c1993 a370 P04aFOREIGN ECONOMIC RELATIONS04aCONGRESSES04aECONOMIC ASPECTS04aMIDDLE EAST04aPEACE04aWAR